书目信息 |
| 题名: |
希特勒的女人们
|
|
| 作者: | 李乡状 编著 | |
| 分册: | ||
| 出版信息: | 北京 团结出版社 2014 |
|
| 页数: | 232页 | |
| 开本: | 24cm | |
| 丛书名: | 二战浪漫曲 | |
| 单 册: | ||
| 中图分类: | K835.167=5 , K835.16 | |
| 科图分类: | ||
| 主题词: | ||
| 电子资源: | ||
| ISBN: | 978-7-5126-2358-3 | |
| 000 | 01064nam 2200265 450 | |
| 001 | 2357724958 | |
| 005 | 20231109112700.41 | |
| 010 | @a978-7-5126-2358-3@dCNY68.00 | |
| 100 | @a20140228d2014 em y0chiy50 ea | |
| 101 | 0 | @achi |
| 102 | @aCN@b110000 | |
| 105 | @aa z 000yd | |
| 200 | 1 | @a希特勒的女人们@AXi Te Le De Nu^ Ren Men@d= Adolf Hitler's women@f李乡状编著@zeng |
| 210 | @a北京@c团结出版社@d2014 | |
| 215 | @a232页@c图@d24cm | |
| 225 | 2 | @a二战浪漫曲@AEr Zhan Lang Man Qu |
| 330 | @a本书向读者详细地描述了阿道夫·希特勒的感情生活。以丰富翔实的史料,生动的细节描写,向人们揭示希特勒与身边的几位女人陷入爱恨纠缠的故事,读者不仅可以从中了解她们曲折人生的发展轨迹,而且还能从其他多个角度认识当年风云一世,最终成为历史罪人的希特勒及其第三帝国。 | |
| 410 | 0 | @12001 @a二战浪漫曲 |
| 510 | 1 | @aAdolf Hitler's women@zeng |
| 600 | 1 | @a希特勒@AXi Te Le@g(Hitler, Adolf),@f1889-1945@x生平事迹 |
| 690 | @aK835.167=5@v5 | |
| 690 | @aK835.16@v4 | |
| 701 | 0 | @a李乡状@ALi Xiang Zhuang@4编著 |
| 801 | 0 | @aCN@b山东中教@c20230926 |
| 905 | @aBZT@dK835.16@e9 | |
| 希特勒的女人们= Adolf Hitler's women/李乡状编著.-北京:团结出版社,2014 |
| 232页:图;24cm.-(二战浪漫曲) |
| ISBN 978-7-5126-2358-3:CNY68.00 |
| 本书向读者详细地描述了阿道夫·希特勒的感情生活。以丰富翔实的史料,生动的细节描写,向人们揭示希特勒与身边的几位女人陷入爱恨纠缠的故事,读者不仅可以从中了解她们曲折人生的发展轨迹,而且还能从其他多个角度认识当年风云一世,最终成为历史罪人的希特勒及其第三帝国。 |
| ● |
| 相关链接 |
|
|
|
正题名:希特勒的女人们
索取号:K835.16/9
 
预约/预借
| 序号 | 登录号 | 条形码 | 馆藏地/架位号 | 状态 | 备注 |
| 1 | 2000956571 | 2000956571 | 315书库/四31架A面3层5列/ [索取号:K835.16/9] | 在馆 | |
| 2 | 2000956572 | 2000956572 | 315书库/四31架A面3层5列/ [索取号:K835.16/9] | 在馆 | |
| 3 | 2000956573 | 2000956573 | 315书库/四31架A面3层5列/ [索取号:K835.16/9] | 在馆 | |
| 4 | 2000956574 | 2000956574 | 315书库/四31架A面3层5列/ [索取号:K835.16/9] | 在馆 | |
| 5 | 2000956575 | 2000956575 | 315书库/四31架A面3层5列/ [索取号:K835.16/9] | 在馆 | |
| 6 | 2000956576 | 2000956576 | 315书库/四31架A面3层5列/ [索取号:K835.16/9] | 在馆 |